| 000 | 00689nam a2200229 a 4500 | ||
|---|---|---|---|
| 003 | MX-MxUPN | ||
| 005 | 20240815125549.0 | ||
| 008 | 991125s1922 mx gr 000 0 spa d | ||
| 035 | _aUPN01000012639 | ||
| 040 |
_aMX-MxUPN _bspa _cMX-MxUPN |
||
| 041 | _aspa | ||
| 050 | 4 |
_aPQ2603 A32 _bB3.38 |
|
| 100 | 1 |
_aBarbusse, Henri, _953054 _d1873-1935 |
|
| 245 | 1 | 3 |
_aEl cuchillo entre los dientes : _ba los intelectuales |
| 260 |
_aMéxico, D.F. : _b[editor no identificado], _c1922. |
||
| 300 | _a67 páginas | ||
| 650 | 0 |
_aLiteratura francesa _95152 |
|
| 700 | 1 |
_953056 _aAltamirano, Fabio Manlio _etraducción |
|
| 902 | _bMaríaRobles/150824 | ||
| 905 | _aLibro | ||
| 942 |
_2lcc _cLIBRO _n0 |
||
| 999 |
_c12639 _d12639 |
||